01135nam a2200193Ia 4500001001100000003001000011008004100021040002500062041001300087100001900100245002400119250001100143260008700154300002700241500026400268501011400532520026400646650003100910L239-10990IT-CnALBA170116s9999||||xx |||||||||||||| ||und|| aIT-CnALBAcIT-CnALBA aITALIANO aANGELI ANTONIO 0aIL DIO DEGLI ATEI.  a1a ed. a TO BO CT PAbSOCIETÀ ED. INTER. c1937 [1° Ed.:1937 - Ed.Ling.Originale: 1937] a158 p. (prefazione: 7) aE. RENAN. PERDITA DELLA FEDE. NUOVI IDEALI. VITA DI GESÙ. DILETTANTISMO DI RENAN. FINE DELL'UNIVERSO E DELL'UOMO. ANATOLE FRANCE. CONCEZIONI RELIGIOSE SU DIO. CRISTIANESIMO. SCETTICISMO. INFELICITÀ. GIORGIO CLEMENCEAU. FORMAZIONE. PENSIERO. ORIGINE DELL'U aSocietà San Paolo EM - Piazza San Paolo, 14 - 12051 ALBA (CN) (non commercial uses only) ® Copyright 2017 aE. RENAN. PERDITA DELLA FEDE. NUOVI IDEALI. VITA DI GESÙ. DILETTANTISMO DI RENAN. FINE DELL'UNIVERSO E DELL'UOMO. ANATOLE FRANCE. CONCEZIONI RELIGIOSE SU DIO. CRISTIANESIMO. SCETTICISMO. INFELICITÀ. GIORGIO CLEMENCEAU. FORMAZIONE. PENSIERO. ORIGINE DELL'U aAPOLOGETICA E CONTROVERSIE